Cocina total. (Registro nro. 24)

000 -CABECERA
campo de control de longitud fija 00756nam a2200277 a 4500
001 - NÚMERO DE CONTROL
campo de control 000000298
003 - IDENTIFICADOR DEL NÚMERO DE CONTROL
campo de control OSt
005 - FECHA Y HORA DE LA ÚLTIMA TRANSACCIÓN
campo de control 20230203170257.0
008 - DATOS DE LONGITUD FIJA--INFORMACIÓN GENERAL
campo de control de longitud fija 990218s1997 cola gre 0 000 d
020 ## - NÚMERO INTERNACIONAL ESTÁNDAR DEL LIBRO
Número Internacional Estándar del Libro 958-9271-11-1
040 ## - FUENTE DE LA CATALOGACIÓN
Centro/agencia transcriptor CO-MqBPB
082 04 - NÚMERO DE LA CLASIFICACIÓN DECIMAL DEWEY
Número de clasificación 641.5
Número de documento/Ítem C62
245 10 - MENCIÓN DE TÍTULO
Título Cocina total.
260 ## - PUBLICACIÓN, DISTRIBUCIÓN, ETC.
Lugar de publicación, distribución, etc. Santafé de Bogotá :
Nombre del editor, distribuidor, etc. Terranova,
Fecha de publicación, distribución, etc. 1997.
300 ## - DESCRIPCIÓN FÍSICA
Extensión 4v. : il.
500 ## - NOTA GENERAL
Nota general v.1,2 y 3 ej.1 de Mosquera donado por la Biblioteca Nacional - PNLB 2012.
505 ## - NOTA DE CONTENIDO CON FORMATO
Nota de contenido con formato v.1: Técnicas modernas
505 ## - NOTA DE CONTENIDO CON FORMATO
Nota de contenido con formato v.2: Cocina básica
505 ## - NOTA DE CONTENIDO CON FORMATO
Nota de contenido con formato v.3: Recetas especiales
505 ## - NOTA DE CONTENIDO CON FORMATO
Nota de contenido con formato v.4: Menú a su gusto
650 14 - PUNTO DE ACCESO ADICIONAL DE MATERIA--TÉRMINO DE MATERIA
Término de materia o nombre geográfico como elemento de entrada RECETAS DE COCINA
650 14 - PUNTO DE ACCESO ADICIONAL DE MATERIA--TÉRMINO DE MATERIA
Término de materia o nombre geográfico como elemento de entrada CONGELACION DE ALIMENTOS
650 14 - PUNTO DE ACCESO ADICIONAL DE MATERIA--TÉRMINO DE MATERIA
Término de materia o nombre geográfico como elemento de entrada COCTELES
650 14 - PUNTO DE ACCESO ADICIONAL DE MATERIA--TÉRMINO DE MATERIA
Término de materia o nombre geográfico como elemento de entrada LICORES
942 ## - ELEMENTOS DE PUNTO DE ACCESO ADICIONAL (KOHA)
Fuente del sistema de clasificación o colocación
Tipo de ítem Koha Libro
Existencias
Estado de retiro Estado de pérdida Fuente del sistema de clasificación o colocación Estado dañado No para préstamo Código de colección Localización permanente Ubicación/localización actual Fecha de adquisición Número de inventario Total de préstamos Renovaciones totales Signatura topográfica completa Código de barras Fecha visto por última vez Fecha del último préstamo Número de copia Precio válido a partir de Tipo de ítem Koha Nota pública En préstamo
          Colección General Biblioteca Pública San Juan Bosco Biblioteca Pública San Juan Bosco 20/01/2020 97740 1 1 641.5 C62 MOS000143 30/08/2024 05/08/2024 v.1 ej.1 20/01/2020 Libro Ocho dias  
          Colección General Biblioteca Pública San Juan Bosco Biblioteca Pública San Juan Bosco 20/01/2020 97742     641.5 C62 MOS000144 20/01/2020   v.3 ej.1 20/01/2020 Libro Ocho dias  
          Colección General Biblioteca Pública San Juan Bosco Biblioteca Pública San Juan Bosco 20/01/2020 97741 2 2 641.5 C62 MOS000145 30/08/2024 05/08/2024 v.2 ej.1 20/01/2020 Libro Ocho dias  
          Colección General Biblioteca Pública San Juan Bosco Biblioteca Pública San Juan Bosco 20/01/2020 97743 1   641.5 C62 MOS004275 09/01/2024 09/01/2024 v.3 ej.2 20/01/2020 Libro Ocho dias 17/01/2024

© Todos los derechos reservados para la Biblioteca Pública Municipal San Juan Bosco, 2020
Secretaria de Cultura de Mosquera
Carrera 3 N° 10 Esquina Centro Cultural Barrio El Carmén Teléfono: 8270830 Ext: 34
Funcionando con KOHA
Contacto: Biblioteca Pública Municipal San Juan Bosco/ bibliotecasanjuanbosco@mosquera-cundinamarca.gov.co
Mosquera, Cundinamarca